<?xml version="1.0" encoding="UTF-8"?><marc:collection xmlns:marc="http://www.loc.gov/MARC21/slim">
  <marc:record>
    <marc:leader>01597nas a2200409 c 4500</marc:leader>
    <marc:controlfield tag="001">010058818</marc:controlfield>
    <marc:controlfield tag="003">DE-101</marc:controlfield>
    <marc:controlfield tag="005">20171201123200.0</marc:controlfield>
    <marc:controlfield tag="007">tu</marc:controlfield>
    <marc:controlfield tag="008">991118d19721986gw z||p|  ||| 0||||1ger c</marc:controlfield>
    <marc:datafield tag="015" ind1=" " ind2=" ">
      <marc:subfield code="a">73,B17,0057</marc:subfield>
      <marc:subfield code="2">dnb</marc:subfield>
    </marc:datafield>
    <marc:datafield tag="016" ind1="7" ind2=" ">
      <marc:subfield code="2">DE-600</marc:subfield>
      <marc:subfield code="a">956988-1</marc:subfield>
    </marc:datafield>
    <marc:datafield tag="016" ind1="7" ind2=" ">
      <marc:subfield code="2">DE-101</marc:subfield>
      <marc:subfield code="a">010058818</marc:subfield>
    </marc:datafield>
    <marc:datafield tag="035" ind1=" " ind2=" ">
      <marc:subfield code="a">(DE-599)ZDB956988-1</marc:subfield>
    </marc:datafield>
    <marc:datafield tag="035" ind1=" " ind2=" ">
      <marc:subfield code="a">(OCoLC)1367323126</marc:subfield>
    </marc:datafield>
    <marc:datafield tag="040" ind1=" " ind2=" ">
      <marc:subfield code="a">9001</marc:subfield>
      <marc:subfield code="b">ger</marc:subfield>
      <marc:subfield code="c">DE-101</marc:subfield>
      <marc:subfield code="d">9999</marc:subfield>
    </marc:datafield>
    <marc:datafield tag="041" ind1=" " ind2=" ">
      <marc:subfield code="a">ger</marc:subfield>
    </marc:datafield>
    <marc:datafield tag="042" ind1=" " ind2=" ">
      <marc:subfield code="a">zdb</marc:subfield>
    </marc:datafield>
    <marc:datafield tag="044" ind1=" " ind2=" ">
      <marc:subfield code="c">XA-DE</marc:subfield>
    </marc:datafield>
    <marc:datafield tag="082" ind1="7" ind2="4">
      <marc:subfield code="a">070</marc:subfield>
      <marc:subfield code="a">620</marc:subfield>
      <marc:subfield code="a">360</marc:subfield>
      <marc:subfield code="q">DE-600</marc:subfield>
      <marc:subfield code="2">22sdnb</marc:subfield>
    </marc:datafield>
    <marc:datafield tag="084" ind1=" " ind2=" ">
      <marc:subfield code="a">05a</marc:subfield>
      <marc:subfield code="a">330</marc:subfield>
      <marc:subfield code="a">380</marc:subfield>
      <marc:subfield code="a">650</marc:subfield>
      <marc:subfield code="a">670</marc:subfield>
      <marc:subfield code="q">DE-101</marc:subfield>
      <marc:subfield code="2">sdnb</marc:subfield>
    </marc:datafield>
    <marc:datafield tag="090" ind1=" " ind2=" ">
      <marc:subfield code="n">fz</marc:subfield>
    </marc:datafield>
    <marc:datafield tag="110" ind1="2" ind2=" ">
      <marc:subfield code="0">(DE-588)2020626-4</marc:subfield>
      <marc:subfield code="0">https://d-nb.info/gnd/2020626-4</marc:subfield>
      <marc:subfield code="0">(DE-101)004785800</marc:subfield>
      <marc:subfield code="a">Oberhessische Versorgungsbetriebe</marc:subfield>
      <marc:subfield code="e">Verfasser</marc:subfield>
      <marc:subfield code="4">aut</marc:subfield>
      <marc:subfield code="2">gnd</marc:subfield>
    </marc:datafield>
    <marc:datafield tag="245" ind1="1" ind2="0">
      <marc:subfield code="a">OVAG</marc:subfield>
    </marc:datafield>
    <marc:datafield tag="264" ind1="3" ind2="1">
      <marc:subfield code="a">Friedberg, H.</marc:subfield>
      <marc:subfield code="b">[Verlag nicht ermittelbar]</marc:subfield>
      <marc:subfield code="c">1972-1986</marc:subfield>
    </marc:datafield>
    <marc:datafield tag="336" ind1=" " ind2=" ">
      <marc:subfield code="a">Text</marc:subfield>
      <marc:subfield code="b">txt</marc:subfield>
      <marc:subfield code="2">rdacontent</marc:subfield>
    </marc:datafield>
    <marc:datafield tag="337" ind1=" " ind2=" ">
      <marc:subfield code="a">ohne Hilfsmittel zu benutzen</marc:subfield>
      <marc:subfield code="b">n</marc:subfield>
      <marc:subfield code="2">rdamedia</marc:subfield>
    </marc:datafield>
    <marc:datafield tag="338" ind1=" " ind2=" ">
      <marc:subfield code="a">Band</marc:subfield>
      <marc:subfield code="b">nc</marc:subfield>
      <marc:subfield code="2">rdacarrier</marc:subfield>
    </marc:datafield>
    <marc:datafield tag="362" ind1="0" ind2=" ">
      <marc:subfield code="a">1972,3 - 1986,3</marc:subfield>
    </marc:datafield>
    <marc:datafield tag="363" ind1="0" ind2="0">
      <marc:subfield code="8">1.1\x</marc:subfield>
      <marc:subfield code="b">3</marc:subfield>
      <marc:subfield code="i">1972</marc:subfield>
    </marc:datafield>
    <marc:datafield tag="363" ind1="1" ind2="0">
      <marc:subfield code="8">1.2\x</marc:subfield>
      <marc:subfield code="b">3</marc:subfield>
      <marc:subfield code="i">1986</marc:subfield>
    </marc:datafield>
    <marc:datafield tag="655" ind1=" " ind2="7">
      <marc:subfield code="0">(DE-588)4067488-5</marc:subfield>
      <marc:subfield code="0">https://d-nb.info/gnd/4067488-5</marc:subfield>
      <marc:subfield code="0">(DE-101)040674886</marc:subfield>
      <marc:subfield code="a">Zeitschrift</marc:subfield>
      <marc:subfield code="2">gnd-content</marc:subfield>
    </marc:datafield>
    <marc:datafield tag="655" ind1=" " ind2="7">
      <marc:subfield code="0">(DE-588)4189682-8</marc:subfield>
      <marc:subfield code="0">https://d-nb.info/gnd/4189682-8</marc:subfield>
      <marc:subfield code="0">(DE-101)041896823</marc:subfield>
      <marc:subfield code="a">Werkzeitschrift</marc:subfield>
      <marc:subfield code="2">gnd-content</marc:subfield>
    </marc:datafield>
    <marc:datafield tag="780" ind1="0" ind2="0">
      <marc:subfield code="i">Vorg.:</marc:subfield>
      <marc:subfield code="a">Zweckverband Oberhessische Versorgungsbetriebe</marc:subfield>
      <marc:subfield code="t">Unter uns im ZOV</marc:subfield>
      <marc:subfield code="d">Friedberg, H. : [Verlag nicht ermittelbar], 1954-1972</marc:subfield>
      <marc:subfield code="w">(DE-600)957032-9</marc:subfield>
      <marc:subfield code="w">(DE-101)010059377</marc:subfield>
    </marc:datafield>
    <marc:datafield tag="785" ind1="0" ind2="0">
      <marc:subfield code="i">Forts.:</marc:subfield>
      <marc:subfield code="t">Unter uns</marc:subfield>
      <marc:subfield code="d">Friedberg (Hessen) : OVAG, 1986-</marc:subfield>
      <marc:subfield code="w">(DE-600)1478351-4</marc:subfield>
      <marc:subfield code="w">(DE-101)019713428</marc:subfield>
    </marc:datafield>
    <marc:datafield tag="850" ind1=" " ind2=" ">
      <marc:subfield code="a">DE-101a</marc:subfield>
      <marc:subfield code="a">DE-101b</marc:subfield>
    </marc:datafield>
    <marc:datafield tag="889" ind1=" " ind2=" ">
      <marc:subfield code="w">(DE-101)540177237</marc:subfield>
    </marc:datafield>
  </marc:record>
</marc:collection>
